[Event "BRA-ch U2000 Amateurs"]
[Site "Sao Paulo"]
[Date "2022.06.19"]
[Round "7"]
[White "Da Silva, Diogo Viana"]
[Black "Jiang, Lucas Zirui"]
[Result "0-1"]
[WhiteElo "1852"]
[BlackElo "1499"]
[PlyCount "104"]
[EventDate "2022.06.16"]
[EventType "swiss"]
[EventRounds "7"]
[EventCountry "BRA"]
[SourceTitle "CBM 208 Extra"]
[Source "ChessBase"]
[SourceDate "2022.07.31"]
[SourceVersion "1"]
[SourceVersionDate "2022.07.31"]
[SourceQuality "1"]

1. d4 c6 2. Nf3 d5 3. c4 Nf6 4. g3 Bf5 5. Bg2 e6 6. Qb3 Qb6 7. c5 Qxb3 8. axb3 Nbd7 9. b4 Bxb1 10. Rxb1 a6 11. 0-0 Be7 12. Re1 Ne4 13. Nd2 Nxd2 14. Bxd2 Nf6 15. f3 0-0 16. e4 Rad8 17. Bc3 Rfe8 18. Rbd1 g6 19. Rd2 Bf8 20. h3 Nh5 21. Kf2 Bh6 22. Rde2 Bg7 23. e5 Bh6 24. f4 Ng7 25. Bf3 Nf5 26. Bg4 Kh8 27. Bxf5 gxf5 28. Kf3 Rg8 29. g4 fxg4+ 30. hxg4 Rg6 31. f5 exf5 32. gxf5 Rg5 33. f6 Rf5+ 34. Kg2 Rg8+ 35. Kh1 Bf4 36. Rg2 Rh5+ 37. Kg1 Bh2+ 38. Kf1 Rf5+ 39. Rf2 Rxf2+ 40. Kxf2 Bg3+ 41. Kf1 Bxe1 42. Bxe1 h5 43. Kf2 Rg4 44. Kf3 Re4 45. Bd2 Kh7 46. Kg3 Kg6 47. Bc3 h4+ 48. Kh3 Kh5 49. Kh2 Kg4 50. Kg2 h3+ 51. Kh2 Re2+ 52. Kg1 h2+ 0-1

[Event "BRA-ch U2000 Amateurs"]
[Site "Sao Paulo"]
[Date "2022.06.17"]
[Round "4"]
[White "Lima, Ivan Varga"]
[Black "Da Silva, Diogo Viana"]
[Result "1/2-1/2"]
[WhiteElo "1680"]
[BlackElo "1852"]
[PlyCount "125"]
[EventDate "2022.06.16"]
[EventType "swiss"]
[EventRounds "7"]
[EventCountry "BRA"]
[SourceTitle "CBM 208 Extra"]
[Source "ChessBase"]
[SourceDate "2022.07.31"]
[SourceVersion "1"]
[SourceVersionDate "2022.07.31"]
[SourceQuality "1"]

1. d4 Nf6 2. c4 g6 3. Nc3 d5 4. cxd5 Nxd5 5. Nf3 Bg7 6. g3 Nb6 7. Bg2 0-0 8. 0-0 Nc6 9. e3 Bd7 10. h3 Qc8 11. Kh2 Rd8 12. Qe2 e5 13. d5 Ne7 14. e4 Be8 15. Bg5 f6 16. Be3 Qd7 17. Rfd1 Nbc8 18. a4 Nd6 19. h4 c6 20. Bh3 Qc7 21. Rac1 b6 22. dxc6 Nxc6 23. Nb5 Qe7 24. Qc2 Nxb5 25. axb5 Na5 26. Qa4 Bf7 27. Nd2 Bf8 28. Kg2 Nb7 29. Rc6 Nc5 30. Qc2 Be6 31. Bxe6+ Nxe6 32. Nb1 Rxd1 33. Qxd1 Rd8 34. Qb3 Rd6 35. Rc8 Kg7 36. Nc3 Nd4 37. Qc4 Rd7 38. Nd5 Qe6 39. b4 Qg4 40. Bxd4 Qxe4+ 41. Kh2 Qxd4 42. Ne3 Qxc4 43. Rxc4 Kf7 44. Kg2 Ke6 45. Ng4 Rd4 46. Rc6+ Bd6 47. Kf3 f5 48. Ne3 f4 49. Nc4 fxg3 50. fxg3 Ke7 51. Ke3 Rd5 52. Ke4 Rd4+ 53. Ke3 Rd1 54. Ke4 Re1+ 55. Kd5 Rd1+ 56. Ke4 Rd4+ 57. Ke3 h6 58. g4 g5 59. h5 Kd7 60. Kf3 Rf4+ 61. Ke3 Rd4 62. Kf3 Ke7 63. Ke3 1/2-1/2

[Event "Sao Paulo STD U2200 op 2nd"]
[Site "Sao Paulo"]
[Date "2018.09.09"]
[Round "4"]
[White "Da Silva, Diogo Viana"]
[Black "Nobre, Jailson Altair Barb"]
[Result "1-0"]
[WhiteElo "1895"]
[BlackElo "1730"]
[PlyCount "43"]
[EventDate "2018.09.08"]
[EventType "swiss"]
[EventRounds "6"]
[EventCountry "BRA"]
[SourceTitle "EXT 2021"]
[Source "ChessBase"]
[SourceDate "2020.10.23"]
[SourceVersion "1"]
[SourceVersionDate "2020.10.23"]
[SourceQuality "1"]

1. d4 Nf6 2. Bf4 e6 3. Nf3 Be7 4. e3 0-0 5. Bd3 d6 6. Nbd2 c5 7. c3 Nh5 8. Bg3 Nxg3 9. hxg3 h6 10. Qe2 Nd7 11. g4 cxd4 12. exd4 d5 13. Bc2 Re8 14. Qd3 Nf8 15. Ne5 Bg5 16. g3 Bxd2+ 17. Kxd2 Qf6 18. f4 g5 19. Raf1 Re7 20. Rh5 gxf4 21. gxf4 Kg7 22. g5 1-0

[Event "Sao Paulo STD U2200 op 2nd"]
[Site "Sao Paulo"]
[Date "2018.09.09"]
[Round "6"]
[White "Da Silva, Diogo Viana"]
[Black "Seccafim, Caic Dos Santos"]
[Result "0-1"]
[WhiteElo "1895"]
[BlackElo "1740"]
[PlyCount "45"]
[EventDate "2018.09.08"]
[EventType "swiss"]
[EventRounds "6"]
[EventCountry "BRA"]
[SourceTitle "EXT 2021"]
[Source "ChessBase"]
[SourceDate "2020.10.23"]
[SourceVersion "1"]
[SourceVersionDate "2020.10.23"]
[SourceQuality "1"]

1. d4 Nf6 2. Bf4 c5 3. e3 cxd4 4. exd4 g6 5. Nf3 Bg7 6. Nbd2 d5 7. Be2 Nc6 8. h3 Bf5 9. c3 0-0 10. a4 Re8 11. 0-0 Qd7 12. b4 Rac8 13. a5 a6 14. b5 axb5 15. Bxb5 Qd8 16. Qb3 Nxa5 17. Qa4 Nc6 18. Ne5 Nxe5 19. Bxe8 Nd3 20. Bxf7+ Kxf7 21. Bh2 Rxc3 22. Qb5 Qd7 23. Nf3 0-1

[Event "Sao Paulo STD U2200 op 2nd"]
[Site "Sao Paulo"]
[Date "2018.09.08"]
[Round "1"]
[White "Okuda, Paulo Alexandre Yuj"]
[Black "Da Silva, Diogo Viana"]
[Result "1/2-1/2"]
[WhiteElo "1561"]
[BlackElo "1895"]
[PlyCount "100"]
[EventDate "2018.09.08"]
[EventType "swiss"]
[EventRounds "6"]
[EventCountry "BRA"]
[SourceTitle "EXT 2021"]
[Source "ChessBase"]
[SourceDate "2020.10.23"]
[SourceVersion "1"]
[SourceVersionDate "2020.10.23"]
[SourceQuality "1"]

1. e4 c5 2. Nc3 e6 3. f4 a6 4. Nf3 Qc7 5. d4 cxd4 6. Nxd4 b5 7. a3 Bb7 8. Bd3 Bc5 9. Nb3 Be7 10. 0-0 d6 11. Qg4 Bf6 12. f5 Bc8 13. Bg5 Qe7 14. Bf4 Nc6 15. fxe6 fxe6 16. Qf3 Ne5 17. Bxe5 Bxe5 18. Rae1 Nf6 19. Nd2 0-0 20. Qe2 Qc7 21. Nd1 Qc5+ 22. Kh1 Bb7 23. b4 Qc6 24. Nf3 Rad8 25. Nxe5 dxe5 26. Ne3 Nxe4 27. Ng4 Nc3 28. Nxe5 Nxe2 29. Rxf8+ Rxf8 30. Nxc6 Bxc6 31. Bxe2 Rf2 32. Bf3 Bxf3 33. gxf3 Rxf3 34. Rxe6 Rxa3 35. Rc6 g6 36. Kg2 Ra2 37. Kf3 Kg7 38. Kf4 a5 39. bxa5 Rxa5 40. c3 Ra2 41. h4 Ra4+ 42. Kg3 Rc4 43. Rxc4 bxc4 44. Kf4 Kf6 45. Ke4 h6 46. Kd4 g5 47. hxg5+ Kxg5 48. Kxc4 h5 49. Kd3 Kf4 50. c4 h4 1/2-1/2